|
|
|
|
| LEADER |
00806nab a2200217 i 4500 |
| 001 |
misc27152 |
| 005 |
20191111110345.0 |
| 008 |
170928s1964 hu o 0|| zxx d |
| 040 |
|
|
|a SZTE Miscellanea Repozitórium
|b hun
|
| 041 |
|
|
|a zxx
|
| 100 |
1 |
|
|a Solbach H. G.
|
| 245 |
1 |
4 |
|a Zur Differentialdiagnose der Diabetischen Nephropathie mit Hilfe klinischer und morphologischer Untersuchungsmethoden
|h [elektronikus dokumentum] /
|c Solbach H. G.
|
| 260 |
|
|
|c 1964
|
| 300 |
|
|
|a 74-80
|
| 490 |
0 |
|
|a Kolligátum
|
| 695 |
|
|
|a Vesebetegségek, Cukorbetegség
|
| 700 |
0 |
1 |
|a Jahnke K.
|e aut
|
| 700 |
0 |
1 |
|a Irmscher K.
|e aut
|
| 700 |
0 |
1 |
|a Ormos Jenő
|e aut
|
| 710 |
|
|
|a Internationales Symposion über Diabetesfragen (1.) (1962) (Berlin)
|
| 856 |
4 |
0 |
|u http://misc.bibl.u-szeged.hu/27152/1/020_001_074-080.pdf
|z Dokumentum-elérés
|